Pays par point le plus à l'est - Statistiques

Statistiques générales
  • Ce quiz a été pris 40 fois
  • Le résultat moyen est 93 sur 196
Statistiques - réponses
Rang Continent Pays % Correct
1 Europe/Asie Russie Le plus à l'Est
100%
12 Asie Japon Premier en Asie (excepté Russie)
91%
13 Asie Indonesie
82%
17 Asie Corée du Nord
77%
14 Asie Chine
73%
16 Asie Corée du Sud
73%
2 Océanie Nouvelle Zelande Premier D'Océanie
73%
23 Asie Brunei
68%
25 Asie Cambodge
68%
3 Océanie Fidji
68%
26 Asie Laos
68%
22 Asie Malaisie
68%
21 Asie Mongolie
68%
19 Asie Philippines
68%
20 Asie Taiwan
68%
6 Océanie Vanuatu
68%
24 Asie Vietnam
68%
8 Océanie Australie
64%
31 Asie Bangladesh
64%
32 Asie Bhoutan
64%
30 Asie Inde
64%
34 Asie Kazakhstan
64%
10 Océanie Micronesie
64%
33 Asie Nepal
64%
15 Océanie Palaos
64%
11 Océanie Papouasie Nouvelle Guinee
64%
7 Océanie Salomon
64%
28 Asie Singapour
64%
27 Asie Thailande
64%
18 Asie Timor Oriental
64%
43 Asie Turkmenistan
64%
50 Asie Arabie Saoudite
59%
47 Asie Emirats Arabes Unis
59%
45 Asie Iran
59%
36 Asie Kirghizistan
59%
40 Asie Maldives
59%
5 Océanie Marshall
59%
44 Afrique Maurice Premier en Afrique
59%
29 Asie Myanmar
59%
9 Océanie Nauru
59%
46 Asie Oman
59%
41 Asie Ouzbekistan
59%
37 Asie Pakistan
59%
35 Asie Sri Lanka
59%
38 Asie Tadjikistan
59%
4 Océanie Tuvalu
59%
39 Asie Afghanistan
55%
73 Afrique Afrique du Sud
55%
61 Asie Armenie
55%
56 Asie Azerbaidjan
55%
54 Asie Bahrein
55%
84 Europe Bielorussie
55%
80 Asie Chypre Dernier en Asie
55%
63 Afrique Comores
55%
64 Afrique Djibouti
55%
76 Afrique Egypte
55%
65 Afrique Erythree
55%
59 Afrique Ethiopie
55%
86 Europe Finlande
55%
49 Europe France
55%
60 Asie Georgie
55%
58 Asie Irak
55%
78 Asie Israel
55%
71 Asie Jordanie
55%
67 Afrique Kenya
55%
57 Asie Koweit
55%
74 Asie Liban
55%
55 Afrique Madagascar
55%
75 Afrique Malawi
55%
68 Afrique Mozambique
55%
81 Europe Norvege
55%
79 Afrique Ouganda
55%
52 Asie Qatar
55%
48 Afrique Seychelles
55%
53 Afrique Somalie
55%
72 Afrique Soudan
55%
77 Afrique Soudan du Sud
55%
66 Asie Syrie
55%
69 Afrique Tanzanie
55%
62 Asie Turquie
55%
70 Europe Ukraine
55%
51 Asie Yemen
55%
160 Amérique Canada
50%
97 Europe Estonie
50%
85 Afrique Eswatini
50%
92 Europe Grece
50%
96 Europe Lettonie
50%
101 Afrique Libye
50%
99 Europe Lituanie
50%
90 Europe Moldavie
50%
91 Europe Roumanie
50%
42 Europe Royaume Uni Premier en Europe (Excepté Russie)
50%
129 Afrique Algerie
45%
104 Afrique Angola
45%
94 Afrique Botswana
45%
159 Amérique Bresil Premier en Amérique
45%
89 Afrique Burundi
45%
194 Océanie Kiribati
45%
93 Afrique Lesotho
45%
100 Afrique Namibie
45%
87 Afrique Republique Democratique Congo
45%
88 Afrique Rwanda
45%
195 Océanie Samoa
45%
105 Afrique Tchad
45%
196 Océanie Tonga Dernier en Oceanie
45%
83 Afrique Zambie
45%
82 Afrique Zimbabwe
45%
141 Afrique Benin
41%
95 Europe Bulgarie
41%
142 Afrique Burkina Faso
41%
120 Afrique Cameroun
41%
158 Afrique Cap Vert Dernier en Afrique
41%
98 Afrique Centrafrique
41%
116 Afrique Congo
41%
147 Afrique Cote d'Ivoire
41%
139 Europe Espagne
41%
125 Afrique Gabon
41%
145 Afrique Ghana
41%
131 Afrique Guinée Equatoriale
41%
108 Europe Hongrie
41%
155 Europe Islande Dernier en Europe
41%
107 Europe Macedoine du Nord
41%
140 Afrique Mali
41%
146 Afrique Maroc
41%
121 Afrique Niger
41%
126 Afrique Nigeria
41%
103 Europe Pologne
41%
135 Afrique Sao tome et Principe
41%
106 Europe Serbie
41%
102 Europe Suede
41%
144 Afrique Togo
41%
111 Europe Albanie
36%
123 Europe Allemagne
36%
143 Europe Andorre
36%
118 Europe Autriche
36%
167 Amérique Barbade
36%
138 Europe Belgique
36%
191 Amérique Belize
36%
113 Europe Bosnie Herzegovine
36%
114 Europe Croatie
36%
122 Europe Danemark
36%
157 Afrique Gambie
36%
193 Amérique Guatemala Dernier en Amérique
36%
189 Amérique Honduras
36%
149 Europe Irlande
36%
117 Europe Italie
36%
110 Europe Kosovo
36%
151 Afrique Liberia
36%
133 Europe Liechtenstein
36%
137 Europe Luxembourg
36%
124 Europe Malte
36%
148 Afrique Mauritanie
36%
190 Amérique Mexique
36%
134 Europe Monaco
36%
112 Europe Montenegro
36%
136 Europe Pays Bas
36%
150 Europe Portugal
36%
115 Europe Republique Tchèque
36%
127 Europe Saint Marin
36%
192 Amérique Salvador
36%
154 Afrique Senegal
36%
153 Afrique Sierra Leone
36%
109 Europe Slovaquie
36%
119 Europe Slovenie
36%
132 Europe Suisse
36%
130 Afrique Tunisie
36%
161 Amérique Uruguay
36%
128 Europe Vatican
36%
162 Amérique Argentine
32%
166 Amérique Bolivie
32%
177 Amérique Chili
32%
187 Amérique Costa Rica
32%
184 Amérique Equateur
32%
152 Afrique Guinee
32%
156 Afrique Guinée Bissau
32%
165 Amérique Guyana
32%
188 Amérique Nicaragua
32%
186 Amérique Panama
32%
164 Amérique Paraguay
32%
171 Amérique Sainte Lucie
32%
163 Amérique Suriname
32%
168 Amérique Venezuela
32%
174 Amérique Antigua et Barbuda
27%
178 Amérique Colombie
27%
183 Amérique Cuba
27%
172 Amérique Dominique
27%
176 Amérique Etats Unis
27%
173 Amérique Grenade
27%
181 Amérique Haiti
27%
180 Amérique Perou
27%
179 Amérique République Dominicaine
27%
175 Amérique Saint Christophe et Nieves
27%
170 Amérique Saint Vincent et les Grenadines
27%
169 Amérique Trinité et Tobago
27%
182 Amérique Bahamas
23%
185 Amérique Jamaique
23%
Aucun quiz correspondant
Distribution des résultats
% des personnes avec chaque résultat
Percentile par nombre de réponses
Votre historique - résultats
Vous n’avez pas pris ce quiz